1906 1744 1414 1592 1160 1074 1874 1218 1068 1083 1253 1105 1988 1529 1835 1491 1168 1886 1195 1527 1611 1878 1316 1348 1080 1093 1428 1119 1638 1561 1635 1212 1286 1386 1575 1839 1514 1671 1812 1214 1451 1226 1506 1294 1995 1616 1908 1432 1927 1677 1731 1688 1230 1074 1377 1935 1596 1708 1505 1246 1858 1128 1690 1960 1378 1117 1151 1353 1163 1424 1717 1369 1518 1415 1078 1523 1523 1702 1211 1830 1297 1699 1753 1830 1480 1456 1612 1510 1901 1153 1587 1916 1327 1323 1277 1129 1100 1023 1881 BCNSPRNW ULIB Ver.6.0+V

เปลี่ยนเป็นภาษาไทย

Change to English
 แสดงรายละเอียดบรรณานุกรม
  กลับหน้าหลัก

Brief Record : Get Marc (ISO 2709) : E-mail record : QR code < ปิดหน้าต่าง
LEADER : 00000nam 2200000uu 4500
001    13399111863
003     ULIB
008    110711s2553||||th 000 0 tha d
020    9746428217
060 04 WY100^bม246อ 2553
110 2  มหาวิทยาลัยสุโขทัยธรรมาธิราช. ^bสาขาวิชาวิทยาศาสตร์สุขภาพ.
245 10 เอกสารการสอนชุดวิชาการรักษาพยาบาลเบื้องต้น หน่วยที่ 1-7 =^bPrimary Medical Care.^c สาขาวิชาวิทยาศาสตร์สุขภาพ มหาวิทยาลัยสุโขทัยธรรมาธิราช.
246 30 การรักษาพยาบาลเบื้องต้น
246 31 Primary Medical Care
250    พิมพ์ครั้งที่ 12
260    นนทบุรี :^bมหาวิทยาลัยสุโขทัยธรรมาธิราช,^c2553
300    478 หน้า :^bภาพประกอบ ;^c30 ซม.
500    เอกสารการสอนชุดวิชา ; v 50301.
500    สิ่งพิมพ์ของมหาวิทยาลัยสุโขทัยธรรมาธิราชสาขาวิชาวิทยาศาสตร์สุขภาพ
650  4 พยาบาลและการพยาบาล
650  4 เวชศาสตร์ป้องกัน
710 2  มหาวิทยาลัยสุโขทัยธรรมาธิราช. ^bสาขาวิชาวิทยาศาสตร์สุขภาพ
945    ^p0^l0^i18328
945    ^p0^l0^i18329
945    ^p0^l0^i18330
945    ^p0^l0^i18331
995    กัณชพร
999 ^a ใช้งานได้ทุกระบบ
รายการนี้ยังไม่มีแท็ก
คุณยังไม่ได้ล็อกอิน คุณสามารถมีกิจกรรมร่วมกับเว็บไซต์ได้ แต่ต้องล็อกอินก่อน ::
  ล็อกอิน

รายการสื่อสารสนเทศ

ลำดับที่ ประเภท เลขเรียก/บาร์โค้ด สถานที่ สถานะ
1. วิทยาศาสตร์การแพทย์ และสุขภาพ
วิทยาศาสตร์การแพทย์ และสุขภาพ
WY100 ม246อ 2553 ฉ.2 
  Barcode: 18329
ห้องสมุดวิทยาเขตนครสวรรค์
►ส่วนจัดเก็บหนังสือเก่า นว.
บนชั้น
  ขอยืม
2. วิทยาศาสตร์การแพทย์ และสุขภาพ
วิทยาศาสตร์การแพทย์ และสุขภาพ
WY100 ม246อ 2553 ฉ.3 
  Barcode: 18330
ห้องสมุดวิทยาเขตนครสวรรค์
►ส่วนจัดเก็บหนังสือเก่า นว.
บนชั้น
  ขอยืม
3. วิทยาศาสตร์การแพทย์ และสุขภาพ
วิทยาศาสตร์การแพทย์ และสุขภาพ
WY100 ม246อ 2553 ฉ.4 
  Barcode: 18331
ห้องสมุดวิทยาเขตนครสวรรค์
►ส่วนจัดเก็บหนังสือเก่า นว.
บนชั้น
  ขอยืม

รายการใกล้เคียง
    หัวเรื่อง [พยาบาลและการพยาบาล]
    หัวเรื่อง [เวชศาสตร์ป้องกัน]

BibComment


ยังไม่เคยถูกคอมเมนท์

คอมเมนท์ทรัพยากรรายการนี้
  คอมเมนท์: เอกสารการสอนชุดวิ..


 Copyright 2026. Bcnsprnw @Library